000 00772nam a2200253 a 4500
001 54942
003 BD-RjUL
005 20211209080207.0
008 161113s1967 nyu 000 0 eng d
035 _a59-06854
035 _a(BD-RjUL)55064
040 _aDLC
_cDLC
_dm.c
_dEQO
_beng
041 _aeng
082 _a828.1
_bCHA 1967
245 0 0 _aChaucer :
_bmodern essays in criticism /
_cedited by Edward Wagenknecht.
260 _aNew York ;
_aLondon :
_bOxford University Press,
_c1959 [Reprint 1967]
300 _ax, 413 p. ;
_c21 cm.
490 1 _aGalaxy book ;
_vGB 24
600 1 0 _aChaucer, Geoffrey,
_d-1400.
_9163807
700 1 _aWagenknecht, Edward,
_d1900-2004.
_9163797
830 0 _aGalaxy book ;
_vGB 24
_9163808
942 _2ddc
_cBK
999 _c54942
_d54942